Count in Roman Numerals - Two Minute Sprint - Statistics

General Stats
  • This quiz has been taken 4,270 times
  • The average score is 58 of 144
Answer Stats
# % Correct
I
100%
II
100%
III
100%
IV
99%
V
99%
VI
99%
VII
99%
VIII
99%
IX
97%
X
97%
XI
97%
XII
97%
XIII
97%
XIV
95%
XV
95%
XVI
95%
XVII
95%
XVIII
94%
XX
92%
XXI
92%
XXII
92%
XXIII
92%
XIX
91%
XXIV
91%
XXV
91%
XXVI
91%
XXVII
90%
XXVIII
90%
XXIX
89%
XXX
89%
XXXI
89%
XXXII
88%
XXXIII
88%
XXXIV
88%
XXXV
87%
XXXVI
87%
XXXVII
87%
XXXVIII
86%
XXXIX
85%
XL
71%
XLI
69%
XLII
69%
XLIII
68%
XLIV
68%
XLV
67%
XLVI
66%
XLVII
65%
XLVIII
64%
XLIX
59%
L
57%
LI
56%
LII
56%
LIII
55%
LIV
54%
LV
53%
LVI
52%
LVII
51%
LVIII
50%
LIX
47%
LX
45%
LXI
44%
LXII
44%
LXIII
43%
LXIV
41%
LXV
40%
LXVI
39%
LXVII
38%
LXVIII
36%
LXIX
34%
LXX
32%
LXXI
31%
LXXII
30%
LXXIII
28%
LXXIV
27%
LXXV
25%
LXXVI
24%
LXXVII
23%
LXXVIII
21%
LXXIX
20%
LXXX
19%
LXXXI
18%
LXXXII
18%
LXXXIII
17%
LXXXIV
16%
LXXXV
15%
LXXXVI
14%
LXXXVII
14%
LXXXVIII
12%
LXXXIX
11%
XC
8%
XCI
8%
XCII
8%
XCIII
7%
XCIV
7%
XCV
6%
XCVI
6%
XCVII
6%
XCVIII
6%
C
5%
CI
5%
CII
5%
CIII
5%
XCIX
5%
CIV
4%
CV
4%
CVI
4%
CVII
4%
CVIII
4%
CIX
3%
CX
3%
CXI
3%
CXII
3%
CXIII
3%
CXIV
2%
CXIX
2%
CXV
2%
CXVI
2%
CXVII
2%
CXVIII
2%
CXX
2%
CXXI
2%
CXXII
1%
CXXIII
1%
CXXIV
1%
CXXIX
1%
CXXV
1%
CXXVI
1%
CXXVII
1%
CXXVIII
1%
CXXX
1%
CXXXI
1%
CXXXII
1%
CXL
0%
CXLI
0%
CXLII
0%
CXLIII
0%
CXLIV
0%
CXXXIII
0%
CXXXIV
0%
CXXXIX
0%
CXXXV
0%
CXXXVI
0%
CXXXVII
0%
CXXXVIII
0%
No matching quizzes found
Score Distribution
Percent of People with Each Score
Percentile by Number Answered
Your Score History
You have not taken this quiz